| 000 | 00602nam a2200157 a 4500 | ||
|---|---|---|---|
| 008 | 160617s2011 ||||||||||||||||| || u | ||
| 020 | _a9780415579278 | ||
| 050 | _aQA 37.3 Bre | ||
| 100 | _aBreach, Mark | ||
| 245 | 1 | 0 |
_aEssential Maths for engineering and contrustion: how to avoid mistakes _cBy Mark Breach |
| 260 |
_aNew York: _bSpon Press _c2011 |
||
| 300 | _avi,271p.: ill. | ||
| 350 | _a27.95 | ||
| 650 | _aMATHEMATICS--TEXTBOOKS | ||
| 995 |
_FCBU-MAIN LIBRARY (Kitwe) _I27.95 _M1 _UAVAILABLE _WJul 22, 2016 _ZMain Library Open Access Collection |
||
| 999 |
_c42392 _d42392 |
||